000 00641nam a2200229Ia 4500
003 OSt
005 20220925215322.0
006 a|||||r|||| 00| 0
007 ta
008 220923b |||||||| |||| 00| 0 eng d
037 _cGeneral Book
040 _aRTL
_cRTL
_beng
041 _2eng
_aeng
082 _aX:97.3.N7, L7
100 _aCrouch Colin
_9278016
245 0 _aClass conflict and the industrial relations crisis
260 _aLondon
_bHeinmann UK
_c1977
300 _axvii, 302p.
_ccm.
650 _aIndustrial Relation
942 _hX:97.3.N7, L7
_cGB
_2CC
999 _c568496
_d568496